000 00446nam a2200181Ia 4500
005 20240823062522.0
008 240823s9999||||xx |||||||||||||| ||und||
041 _aENGLISH
082 _A519 N3
100 _aVenkataraman M K
245 0 _aEngineering Mathematics
250 _a3rd
260 _c1993
_b"The National Pub,Madras"
500 _aTRANSFERED
650 _aEngineering Mathematics
_bMathematics
942 _cBK
999 _c236072
_d236072